LEADER 01053nam a2200265 i 4500 001 000000343782 003 CaOOAMICUS 005 20210118104146.0 008 210114s1952 fr u001 u fre u 013 $a150964 040 $aSeMil$bita 100 1 $aSociété du Coeur de Jésus.$0(OLS)http://semarc/name/64814 245 10$aMemento des prières et exercices spirituels /$cSociété du Coeur de Jésus. 260 $aParis :$bDurassié & Cie,$c1952. 300 $a94 p. ;$c18 cm 541 $aFondo mons. Pasquale Macchi 650 4$aPreghiere - Testi.$0(OLS)http://semarc/subject/6541 650 4$aSocietà del Cuore di Gesù.$0(OLS)http://semarc/subject/49564 850 $aSeMil 852 $aSeMil$W1$xVenegono$y1$m3K I 391$j223734$B234801$CSeMilBibl$Z2$F234801 $81 941 1 $a8 961 $aFondo mons. Pasquale Macchi 996 $6245$aMemento des prières et exercices spirituels$9(OLS)http://semarc/title/432821 996 $6260$aParis :$bDurassié & Cie$9(OLS)http://semarc/publisher/34507 LEADER 00717nam a2200169 i 4500 001 000000062900 003 CaOOAMICUS 005 19980713000000.0 008 980713n xx u000 u ger u 013 $a34072 040 $aSeMil$bita 100 1 $aGraf, Georg,$d<1875-1955>.$0(OLS)http://semarc/name/31813 245 14$aDie arabischen Schriften des Theodor Abû Qurra, Bischofs von Harrân (ca. 740-820) 650 4$aPatristica - Scrittori orientali.$0(OLS)http://semarc/subject/1415 850 $aSeMil 852 $aSeMil$W1$xVenegono$y1$m2M III 66$j29053$B29053$CSeMilBibl$Z2$F29056 $81 996 $6245$aDie arabischen Schriften des Theodor Abû Qurra, Bischofs von Harrân (ca. 740-820)$9(OLS)http://semarc/title/99099